000 00435nam a2200169Ia 4500
003 LK-CoDNM
008 010623t xxu||||| |||| 00| 1 sin d
040 _aLK-CoDNM
_dLK-CoDNM
_eLK-CoDNM
041 _asin
080 _a(x) 92
245 _aපෙර ගමනකට අසිරි
246 _aPera Gamanakata asiri
260 _bSri gamini Daham pasala
_aMattakkuliya
300 _b8, 20 cm
650 _aBiography
942 _cBK
999 _c139439
_d139439